000 00593nam a2200229 a 4500
001 31676
003 AR-BaAGN
005 20231116150151.0
007 ta
008 220625s2003 xx |||||r|||| ||||||spa d
020 _a84-7239-795-5
040 _dAR-BaAGN
_aAR-BaAGN
_bspa
_eaacr
100 1 _aDe San Alberto, José Antonio
245 1 0 _aObras completas
260 _a[Lugar de publicación no identificado] :
_bMonte Carmelo,
_c2003.
300 _a627 páginas
336 _2rdacontent
_btxt
337 _2rdamedia
_bn
338 _2rdacarrier
_bnc
942 _cLIBRO
999 _c31676
_d31676